<?xml version="1.0" encoding="UTF-8"?>
<record
    xmlns:xsi="http://www.w3.org/2001/XMLSchema-instance"
    xsi:schemaLocation="http://www.loc.gov/MARC21/slim http://www.loc.gov/standards/marcxml/schema/MARC21slim.xsd"
    xmlns="http://www.loc.gov/MARC21/slim">

  <leader>02644cam a2200325   4500500</leader>
  <controlfield tag="005">20250125011304.0</controlfield>
  <datafield tag="041" ind1=" " ind2=" ">
    <subfield code="a">fre</subfield>
  </datafield>
  <datafield tag="042" ind1=" " ind2=" ">
    <subfield code="a">dc</subfield>
  </datafield>
  <datafield tag="100" ind1="1" ind2="0">
    <subfield code="a">Guillo, Dominique</subfield>
    <subfield code="e">author</subfield>
  </datafield>
  <datafield tag="245" ind1="0" ind2="0">
    <subfield code="a">Investigaciones etol&#xF3;gicas recientes sobre los fen&#xF3;menos socioculturales en el mundo animal: una mirada profundamente renovada  </subfield>
  </datafield>
  <datafield tag="260" ind1=" " ind2=" ">
    <subfield code="c">2016.
							</subfield>
  </datafield>
  <datafield tag="500" ind1=" " ind2=" ">
    <subfield code="a">74</subfield>
  </datafield>
  <datafield tag="520" ind1=" " ind2=" ">
    <subfield code="a">La investigaci&#xF3;n sobre la sociabilidad de los animales en su sentido m&#xE1;s amplio ha experimentado una revoluci&#xF3;n en el &#xFA;ltimo medio siglo, tanto te&#xF3;rica como emp&#xED;ricamente. Esta nueva investigaci&#xF3;n se basa principalmente en dos temas: por un lado la descripci&#xF3;n y explicaci&#xF3;n del comportamiento social de los animales y, por otro, las de las culturas animales. Lejos de suscribir un conductismo sumario, estas perspectivas revelan emp&#xED;ricamente la complejidad y multiplicidad de los patrones de sociabilidad que se pueden observar en las distintas especies animales. Adem&#xE1;s de estos hallazgos emp&#xED;ricos, estas perspectivas ofrecen explicaciones evolutivas muy s&#xF3;lidas sobre la aparici&#xF3;n de comportamientos sociales en el mundo vivo y las capacidades culturales de los animales. Sin embargo, tambi&#xE9;n despliegan una concepci&#xF3;n muy particular de la agencia animal y de los fen&#xF3;menos socioculturales, que se basa en una epistemolog&#xED;a y unos conceptos algo diferentes de los que tradicionalmente se emplean en las ciencias sociales y las humanas. Estas diferencias &#x2013;que no son inconmensurables ni contradictorias&#x2013; ilegitiman tanto los intentos de algunos et&#xF3;logos de explicar la sociabilidad humana en t&#xE9;rminos reduccionistas como el rechazo generalizado o la indiferencia de las ciencias sociales hacia esas investigaciones etol&#xF3;gicas en animales. Por su riqueza, estas &#xFA;ltimas nos invitan a encontrar formas que articulen, sin reducirlas entre s&#xED;, los puntos de vista que han desarrollado, cada una a su manera y con sus propios m&#xE9;todos, las ciencias sociales y las ciencias de la vida.</subfield>
  </datafield>
  <datafield tag="690" ind1=" " ind2=" ">
    <subfield code="a">Comportamiento animal</subfield>
  </datafield>
  <datafield tag="690" ind1=" " ind2=" ">
    <subfield code="a">Etolog&#xED;a</subfield>
  </datafield>
  <datafield tag="690" ind1=" " ind2=" ">
    <subfield code="a">Selecci&#xF3;n de los padres</subfield>
  </datafield>
  <datafield tag="690" ind1=" " ind2=" ">
    <subfield code="a">Animal-m&#xE1;quina</subfield>
  </datafield>
  <datafield tag="690" ind1=" " ind2=" ">
    <subfield code="a">Comportamiento social</subfield>
  </datafield>
  <datafield tag="690" ind1=" " ind2=" ">
    <subfield code="a">Aprendizaje social</subfield>
  </datafield>
  <datafield tag="690" ind1=" " ind2=" ">
    <subfield code="a">Cultura animal</subfield>
  </datafield>
  <datafield tag="690" ind1=" " ind2=" ">
    <subfield code="a">Ethology</subfield>
  </datafield>
  <datafield tag="690" ind1=" " ind2=" ">
    <subfield code="a">Social Behaviour</subfield>
  </datafield>
  <datafield tag="690" ind1=" " ind2=" ">
    <subfield code="a">Animal Culture</subfield>
  </datafield>
  <datafield tag="690" ind1=" " ind2=" ">
    <subfield code="a">Animal Behaviour</subfield>
  </datafield>
  <datafield tag="690" ind1=" " ind2=" ">
    <subfield code="a">Kin Selection</subfield>
  </datafield>
  <datafield tag="690" ind1=" " ind2=" ">
    <subfield code="a">Animal-Machine</subfield>
  </datafield>
  <datafield tag="690" ind1=" " ind2=" ">
    <subfield code="a">Social Learning</subfield>
  </datafield>
  <datafield tag="786" ind1="0" ind2=" ">
    <subfield code="n">L'Ann&#xE9;e sociologique | 66 | 2 | 2016-10-07 | p. 351-384 | 0066-2399</subfield>
  </datafield>
  <datafield tag="856" ind1="4" ind2="1">
    <subfield code="u">https://shs.cairn.info/revista-l-annee-sociologique-2016-2-page-351?lang=es&amp;redirect-ssocas=7080</subfield>
  </datafield>
  <datafield tag="999" ind1=" " ind2=" ">
    <subfield code="c">912070</subfield>
    <subfield code="d">912070</subfield>
  </datafield>
</record>
